Hansbury & Martin modern equity. (Record no. 3915)

MARC details
000 -LEADER
fixed length control field 01159cam a22003012 4500
001 - CONTROL NUMBER
control field 0000019403
005 - DATE AND TIME OF LATEST TRANSACTION
control field 20151217145913.0
008 - FIXED-LENGTH DATA ELEMENTS--GENERAL INFORMATION
fixed length control field 101115s xx 000 0 eng d
020 ## - INTERNATIONAL STANDARD BOOK NUMBER
International Standard Book Number 1847035127 :
040 ## - CATALOGING SOURCE
Original cataloging agency KABU
Transcribing agency KABU
100 1# - MAIN ENTRY--PERSONAL NAME
Personal name Martin, Jill E.
-- 0000179676
245 10 - TITLE STATEMENT
Title Hansbury & Martin modern equity.
250 ## - EDITION STATEMENT
Edition statement 18th ed. /
Remainder of edition statement Jill E. Martin.
260 ## - PUBLICATION, DISTRIBUTION, ETC. (IMPRINT)
Place of publication, distribution, etc. London :
Name of publisher, distributor, etc. Sweet & Maxwell,
Date of publication, distribution, etc. 2009.
300 ## - PHYSICAL DESCRIPTION
Extent cxvii, 966 p.
650 #0 - SUBJECT ADDED ENTRY--TOPICAL TERM
Topical term or geographic name as entry element Equity
Geographic subdivision Great Britain.
-- 0000158684
650 #0 - SUBJECT ADDED ENTRY--TOPICAL TERM
Topical term or geographic name as entry element Trusts and trustees
Geographic subdivision Great Britain.
-- 0000158683
700 1# - ADDED ENTRY--PERSONAL NAME
Personal name Martin, Jill E.
-- 0000179676
852 1# - LOCATION
-- p4318.40 KES
852 1# - LOCATION
-- p4318.40 KES
852 1# - LOCATION
-- p4318.40 KES
852 1# - LOCATION
-- p4318.40 KES
852 1# - LOCATION
-- p4030 KES
852 1# - LOCATION
-- p4940 KES
852 1# - LOCATION
-- p4147 KES
908 ## - PUT COMMAND PARAMETER (RLIN)
Put command parameter 101115
950 ## - LOCAL HOLDINGS (RLIN)
-- 1
Holdings
Withdrawn status Lost status Source of classification or shelving scheme Not for loan Home library Current library Date acquired Total Checkouts Full call number Barcode Date last seen Date last checked out Price effective from Koha item type Total Renewals
    Library of Congress Classification   Kabarak, Main Campus Kabarak, Main Campus 17/12/2015 2 KD674 .H36 2009 c. 5 19787 28/11/2019 18/11/2019 17/12/2015 General Collection  
    Library of Congress Classification   Kabarak, Main Campus Kabarak, Main Campus 17/12/2015 1 KD674 .H36 2009 c. 7 19790 14/12/2016 13/10/2016 17/12/2015 General Collection 1
    Library of Congress Classification   Kabarak, Main Campus Kabarak, Main Campus 17/12/2015   KD674 .H36 2009 c. 8 19793 17/12/2015   17/12/2015 General Collection  
    Library of Congress Classification   Kabarak, Main Campus Kabarak, Main Campus 17/12/2015   KD674 .H36 2009 c. 9 19768 17/12/2015   17/12/2015 General Collection  
    Library of Congress Classification   Kabarak, Main Campus Kabarak, Main Campus 17/12/2015 1 KD674 .H36 2009 c. 1 23530 26/10/2016 12/10/2016 17/12/2015 General Collection  
    Library of Congress Classification   Kabarak, Main Campus Kabarak, Main Campus 17/12/2015   KD674 .H36 2009 c. 3 23210 17/12/2015   17/12/2015 General Collection  
    Library of Congress Classification   Kabarak, Main Campus Kabarak, Main Campus 17/12/2015   KD674 .H36 2009 c. 4 22423 17/12/2015   17/12/2015 General Collection  
    Library of Congress Classification   Kabarak, Main Campus Kabarak, Main Campus 17/12/2015 1 KD674 .H36 2009 c. 6 19784 22/10/2016 06/10/2016 17/12/2015 General Collection  
    Library of Congress Classification   Kabarak, Main Campus Kabarak, Main Campus 17/12/2015 1 KD674 .H36 2009 c. 2 23529 02/07/2016 25/06/2016 17/12/2015 General Collection  
Designed with assistance from East African Informatics Ltd